<?xml version="1.0" encoding="UTF-8"?>
<collection xmlns="http://www.loc.gov/MARC21/slim">
 <record>
  <leader>03614cam a2200709   4500</leader>
  <controlfield tag="001">1603977813</controlfield>
  <controlfield tag="003">DE-627</controlfield>
  <controlfield tag="005">20240308173526.0</controlfield>
  <controlfield tag="007">tu</controlfield>
  <controlfield tag="008">130705s2012    it |||||      00| ||ita c</controlfield>
  <datafield tag="020" ind1=" " ind2=" ">
   <subfield code="a">9788864580692</subfield>
   <subfield code="c">44.00 EUR.</subfield>
   <subfield code="9">978-88-6458-069-2</subfield>
  </datafield>
  <datafield tag="035" ind1=" " ind2=" ">
   <subfield code="a">(DE-627)1603977813</subfield>
  </datafield>
  <datafield tag="035" ind1=" " ind2=" ">
   <subfield code="a">(DE-576)386940878</subfield>
  </datafield>
  <datafield tag="035" ind1=" " ind2=" ">
   <subfield code="a">(DE-599)BSZ386940878</subfield>
  </datafield>
  <datafield tag="035" ind1=" " ind2=" ">
   <subfield code="a">(OCoLC)854732645</subfield>
  </datafield>
  <datafield tag="040" ind1=" " ind2=" ">
   <subfield code="a">DE-627</subfield>
   <subfield code="b">ger</subfield>
   <subfield code="c">DE-627</subfield>
   <subfield code="e">rakwb</subfield>
  </datafield>
  <datafield tag="041" ind1=" " ind2=" ">
   <subfield code="a">ita</subfield>
  </datafield>
  <datafield tag="044" ind1=" " ind2=" ">
   <subfield code="c">XA-IT</subfield>
  </datafield>
  <datafield tag="050" ind1=" " ind2="0">
   <subfield code="a">DG</subfield>
  </datafield>
  <datafield tag="082" ind1="0" ind2=" ">
   <subfield code="a">709</subfield>
  </datafield>
  <datafield tag="082" ind1="0" ind2=" ">
   <subfield code="a">937</subfield>
  </datafield>
  <datafield tag="082" ind1="0" ind2=" ">
   <subfield code="a">937</subfield>
   <subfield code="2">21</subfield>
  </datafield>
  <datafield tag="082" ind1="0" ind2="4">
   <subfield code="a">G:it S:kg Z:14</subfield>
  </datafield>
  <datafield tag="084" ind1=" " ind2=" ">
   <subfield code="a">6,14</subfield>
   <subfield code="2">ssgn</subfield>
  </datafield>
  <datafield tag="084" ind1=" " ind2=" ">
   <subfield code="a">6,12</subfield>
   <subfield code="2">ssgn</subfield>
  </datafield>
  <datafield tag="084" ind1=" " ind2=" ">
   <subfield code="a">LE 9020</subfield>
   <subfield code="q">BVB</subfield>
   <subfield code="2">rvk</subfield>
   <subfield code="0">(DE-625)rvk/91149:</subfield>
  </datafield>
  <datafield tag="084" ind1=" " ind2=" ">
   <subfield code="a">LE 9050</subfield>
   <subfield code="q">BVB</subfield>
   <subfield code="2">rvk</subfield>
   <subfield code="0">(DE-625)rvk/91151:</subfield>
  </datafield>
  <datafield tag="084" ind1=" " ind2=" ">
   <subfield code="a">LE 9060</subfield>
   <subfield code="q">BVB</subfield>
   <subfield code="2">rvk</subfield>
   <subfield code="0">(DE-625)rvk/91152:</subfield>
  </datafield>
  <datafield tag="245" ind1="1" ind2="3">
   <subfield code="a">Il bestiario fantastico di età orientalizzante nella penisola italiana</subfield>
   <subfield code="c">Maria Cristina Biella ... (a cura di)</subfield>
  </datafield>
  <datafield tag="250" ind1=" " ind2=" ">
   <subfield code="a">1. ed.</subfield>
  </datafield>
  <datafield tag="264" ind1=" " ind2="1">
   <subfield code="a">Trento</subfield>
   <subfield code="b">Tangram Ed. Scientifiche</subfield>
   <subfield code="c">2012</subfield>
  </datafield>
  <datafield tag="300" ind1=" " ind2=" ">
   <subfield code="a">521 S.</subfield>
   <subfield code="b">zahlr. Ill.</subfield>
   <subfield code="c">30 cm</subfield>
  </datafield>
  <datafield tag="336" ind1=" " ind2=" ">
   <subfield code="a">Text</subfield>
   <subfield code="b">txt</subfield>
   <subfield code="2">rdacontent</subfield>
  </datafield>
  <datafield tag="337" ind1=" " ind2=" ">
   <subfield code="a">ohne Hilfsmittel zu benutzen</subfield>
   <subfield code="b">n</subfield>
   <subfield code="2">rdamedia</subfield>
  </datafield>
  <datafield tag="338" ind1=" " ind2=" ">
   <subfield code="a">Band</subfield>
   <subfield code="b">nc</subfield>
   <subfield code="2">rdacarrier</subfield>
  </datafield>
  <datafield tag="490" ind1="1" ind2=" ">
   <subfield code="a">Aristonothos</subfield>
   <subfield code="a">Quaderni</subfield>
   <subfield code="v">1</subfield>
  </datafield>
  <datafield tag="500" ind1=" " ind2=" ">
   <subfield code="a">Collected essays. - Texts in English or Italian. - Includes bibliographical references. - Italian, English</subfield>
  </datafield>
  <datafield tag="583" ind1="1" ind2=" ">
   <subfield code="a">Archivierung/Langzeitarchivierung gewährleistet</subfield>
   <subfield code="f">SSG</subfield>
   <subfield code="x">XA-DE-BW</subfield>
   <subfield code="2">pdager</subfield>
   <subfield code="5">DE-16</subfield>
  </datafield>
  <datafield tag="655" ind1=" " ind2="7">
   <subfield code="a">Aufsatzsammlung</subfield>
   <subfield code="0">(DE-588)4143413-4</subfield>
   <subfield code="0">(DE-627)105605727</subfield>
   <subfield code="0">(DE-576)209726091</subfield>
   <subfield code="2">gnd-content</subfield>
  </datafield>
  <datafield tag="689" ind1="0" ind2="0">
   <subfield code="d">g</subfield>
   <subfield code="0">(DE-588)4039689-7</subfield>
   <subfield code="0">(DE-627)104400811</subfield>
   <subfield code="0">(DE-576)209036192</subfield>
   <subfield code="a">Mittelitalien</subfield>
   <subfield code="2">gnd</subfield>
  </datafield>
  <datafield tag="689" ind1="0" ind2="1">
   <subfield code="d">s</subfield>
   <subfield code="0">(DE-588)4015627-8</subfield>
   <subfield code="0">(DE-627)104697369</subfield>
   <subfield code="0">(DE-576)208912681</subfield>
   <subfield code="a">Etrusker</subfield>
   <subfield code="2">gnd</subfield>
  </datafield>
  <datafield tag="689" ind1="0" ind2="2">
   <subfield code="d">s</subfield>
   <subfield code="0">(DE-588)4027854-2</subfield>
   <subfield code="0">(DE-627)106283170</subfield>
   <subfield code="0">(DE-576)208972595</subfield>
   <subfield code="a">Italiker</subfield>
   <subfield code="2">gnd</subfield>
  </datafield>
  <datafield tag="689" ind1="0" ind2="3">
   <subfield code="d">s</subfield>
   <subfield code="0">(DE-588)4114333-4</subfield>
   <subfield code="0">(DE-627)105822957</subfield>
   <subfield code="0">(DE-576)209483733</subfield>
   <subfield code="a">Kunst</subfield>
   <subfield code="2">gnd</subfield>
  </datafield>
  <datafield tag="689" ind1="0" ind2="4">
   <subfield code="d">s</subfield>
   <subfield code="0">(DE-588)4117216-4</subfield>
   <subfield code="0">(DE-627)105800929</subfield>
   <subfield code="0">(DE-576)20950806X</subfield>
   <subfield code="a">Tierdarstellung</subfield>
   <subfield code="2">gnd</subfield>
  </datafield>
  <datafield tag="689" ind1="0" ind2="5">
   <subfield code="a">z</subfield>
   <subfield code="2">gnd</subfield>
   <subfield code="a">Geschichte 700 v. Chr.-600 v. Chr.</subfield>
  </datafield>
  <datafield tag="689" ind1="0" ind2=" ">
   <subfield code="5">DE-101</subfield>
  </datafield>
  <datafield tag="700" ind1="1" ind2=" ">
   <subfield code="a">Biella, Maria Cristina</subfield>
   <subfield code="d">1974-</subfield>
   <subfield code="e">Hrsg.</subfield>
   <subfield code="0">(DE-588)1103161571</subfield>
   <subfield code="0">(DE-627)860785327</subfield>
   <subfield code="0">(DE-576)266221351</subfield>
   <subfield code="4">edt</subfield>
  </datafield>
  <datafield tag="787" ind1="0" ind2="8">
   <subfield code="i">Rezensiert in</subfield>
   <subfield code="a">Mazet, Christian</subfield>
   <subfield code="t">[Rezension von: Maria Cristina Biella (Hrsg.), Il bestiario fantastico di età orientalizzante nella penisola italiana]</subfield>
   <subfield code="d">2016</subfield>
   <subfield code="w">(DE-627)1817599348</subfield>
  </datafield>
  <datafield tag="830" ind1=" " ind2="0">
   <subfield code="a">Aristonothos / Quaderni</subfield>
   <subfield code="v">1</subfield>
   <subfield code="9">1</subfield>
   <subfield code="w">(DE-627)818423242</subfield>
   <subfield code="w">(DE-576)393072185</subfield>
   <subfield code="w">(DE-600)2811302-0</subfield>
   <subfield code="7">ns</subfield>
  </datafield>
  <datafield tag="856" ind1="4" ind2="2">
   <subfield code="u">http://bvbr.bib-bvb.de:8991/F?func=service&amp;doc_library=BVB01&amp;doc_number=026072843&amp;line_number=0001&amp;func_code=DB_RECORDS&amp;service_type=MEDIA</subfield>
   <subfield code="x">Verlag</subfield>
   <subfield code="z">Inhaltsverzeichnis</subfield>
  </datafield>
  <datafield tag="936" ind1="r" ind2="v">
   <subfield code="a">LE 9020</subfield>
   <subfield code="b">Malerei und Architektur</subfield>
   <subfield code="k">Klassische Archäologie</subfield>
   <subfield code="k">Vorgeschichte Italiens und Etruskologie</subfield>
   <subfield code="k">Die etruskische Kultur</subfield>
   <subfield code="k">Kunst und Kultur</subfield>
   <subfield code="k">Malerei und Architektur</subfield>
   <subfield code="0">(DE-627)1398970530</subfield>
   <subfield code="0">(DE-625)rvk/91149:</subfield>
   <subfield code="0">(DE-576)328970530</subfield>
  </datafield>
  <datafield tag="936" ind1="r" ind2="v">
   <subfield code="a">LE 9050</subfield>
   <subfield code="b">Plastik</subfield>
   <subfield code="k">Klassische Archäologie</subfield>
   <subfield code="k">Vorgeschichte Italiens und Etruskologie</subfield>
   <subfield code="k">Die etruskische Kultur</subfield>
   <subfield code="k">Kunst und Kultur</subfield>
   <subfield code="k">Plastik</subfield>
   <subfield code="0">(DE-627)1398970557</subfield>
   <subfield code="0">(DE-625)rvk/91151:</subfield>
   <subfield code="0">(DE-576)328970557</subfield>
  </datafield>
  <datafield tag="936" ind1="r" ind2="v">
   <subfield code="a">LE 9060</subfield>
   <subfield code="b">Keramik</subfield>
   <subfield code="k">Klassische Archäologie</subfield>
   <subfield code="k">Vorgeschichte Italiens und Etruskologie</subfield>
   <subfield code="k">Die etruskische Kultur</subfield>
   <subfield code="k">Kunst und Kultur</subfield>
   <subfield code="k">Keramik</subfield>
   <subfield code="0">(DE-627)1398970565</subfield>
   <subfield code="0">(DE-625)rvk/91152:</subfield>
   <subfield code="0">(DE-576)328970565</subfield>
  </datafield>
  <datafield tag="951" ind1=" " ind2=" ">
   <subfield code="a">BO</subfield>
  </datafield>
  <datafield tag="990" ind1=" " ind2=" ">
   <subfield code="a">Mittelitalien</subfield>
  </datafield>
  <datafield tag="990" ind1=" " ind2=" ">
   <subfield code="a">Etrusker</subfield>
  </datafield>
  <datafield tag="990" ind1=" " ind2=" ">
   <subfield code="a">Italiker</subfield>
  </datafield>
  <datafield tag="990" ind1=" " ind2=" ">
   <subfield code="a">Kunst</subfield>
  </datafield>
  <datafield tag="990" ind1=" " ind2=" ">
   <subfield code="a">Tierdarstellung</subfield>
  </datafield>
  <datafield tag="990" ind1=" " ind2=" ">
   <subfield code="a">Geschichte 700 v. Chr.-600 v. Chr.</subfield>
  </datafield>
  <datafield tag="991" ind1=" " ind2=" ">
   <subfield code="a">Rezensiertes Werk</subfield>
  </datafield>
  <datafield tag="999" ind1=" " ind2=" ">
   <subfield code="a">KXP-PPN1603977813</subfield>
   <subfield code="e">4194319184</subfield>
  </datafield>
 </record>
</collection>
